[Event "22. Copenhagen Open  (Politiken Cup)"]
[Site "Copenhagen"]
[Date "2000.07.23"]
[Round "7"]
[White "Grahn, Lars"]
[Black "Nielsen, Carsten Juul"]
[Result "0-1"]
[WhiteElo "2105"]
[BlackElo "2117"]
[PlyCount "104"]
[EventDate "2000.07.17"]
[EventType "swiss"]
[EventRounds "11"]
[EventCountry "DEN"]
[SourceDate "2004.01.01"]

1. d4 Nf6 2. c4 e6 3. Nc3 Bb4 4. g3 c5 5. Nf3 cxd4 6. Nxd4 Ne4 7. Qd3 Qa5 8.
Nb3 Qf5 9. Qe3 Na6 10. Bg2 Nxc3 11. bxc3 Bc5 12. Nxc5 Qxc5 13. Qd3 d6 14. Be3
Qc7 15. Rd1 O-O 16. Qxd6 Qxc4 17. Qa3 Nc7 18. Rd4 Qa6 19. Ra4 Qb5 20. Rb4 Qe5
21. Bd4 Qf5 22. Qb2 Nd5 23. Rb3 Qg6 24. O-O a5 25. c4 Nb4 26. Bc5 Rd8 27. Bxb4
axb4 28. Rxb4 Qf6 29. Bxb7 Rb8 30. Bxc8 Qxb2 31. Rxb2 Rxb2 32. Ba6 Rxa2 33. Bb5
Rxe2 34. Kg2 Rc2 35. h4 h5 36. Kf3 g6 37. Ke3 Kg7 38. Ra1 Kf6 39. Kf3 Rdd2 40.
Rf1 e5 41. Ke4 Rd4+ 42. Kf3 Rc3+ 43. Ke2 e4 44. Ra1 Rc2+ 45. Ke3 Ke5 46. Ra3
Rd1 47. f4+ exf3 48. Kxf3 Kd4 49. Kf4 f6 50. g4 Rf1+ 51. Rf3 g5+ 52. hxg5 fxg5+
0-1

[Event "22. Copenhagen Open  (Politiken Cup)"]
[Site "Copenhagen"]
[Date "2000.07.23"]
[Round "7"]
[White "Greiff, Hkan"]
[Black "Petersen, Steen"]
[Result "1-0"]
[WhiteElo "2284"]
[BlackElo "2162"]
[PlyCount "63"]
[EventDate "2000.07.17"]
[EventType "swiss"]
[EventRounds "11"]
[EventCountry "DEN"]
[SourceDate "2004.01.01"]

1. e4 c5 2. Nf3 d6 3. d4 cxd4 4. Nxd4 Nf6 5. Nc3 g6 6. Be3 Bg7 7. h3 Nc6 8. g4
d5 9. Bb5 O-O 10. Bxc6 bxc6 11. Nxc6 Qc7 12. exd5 Ba6 13. g5 Nh5 14. Qd2 e6 15.
O-O-O Bc4 16. Bd4 Bxd4 17. Qxd4 Bxd5 18. Nxd5 exd5 19. Ne5 Rac8 20. Rd2 Rfe8
21. Ng4 Re4 22. Qxd5 Rc4 23. Ne3 Rc5 24. Qd4 Rxg5 25. Ng4 h6 26. Nxh6+ Kh7 27.
Ng4 Rc5 28. c3 Rc4 29. Qe5 Qc6 30. Rhd1 Rc7 31. Qe3 Nf4 32. Ne5 1-0

[Event "22. Copenhagen Open  (Politiken Cup)"]
[Site "Copenhagen"]
[Date "2000.07.23"]
[Round "7"]
[White "Gulko, Boris F"]
[Black "Mikhalevski, Victor"]
[Result "1/2-1/2"]
[WhiteElo "2643"]
[BlackElo "2532"]
[PlyCount "31"]
[EventDate "2000.07.17"]
[EventType "swiss"]
[EventRounds "11"]
[EventCountry "DEN"]
[SourceDate "2004.01.01"]

1. c4 Nf6 2. Nc3 d5 3. cxd5 Nxd5 4. g3 g6 5. Bg2 Nxc3 6. bxc3 Bg7 7. Rb1 Nc6 8.
Nf3 O-O 9. O-O b6 10. d3 Na5 11. c4 c5 12. Bd2 Nc6 13. Qa4 Bd7 14. Qb3 Bg4 15.
Qa4 Qd7 16. Rfe1 1/2-1/2

[Event "22. Copenhagen Open  (Politiken Cup)"]
[Site "Copenhagen"]
[Date "2000.07.23"]
[Round "7"]
[White "Hamann, Steffen"]
[Black "Jacobsen, Jesper Howalt"]
[Result "1-0"]
[WhiteElo "1638"]
[BlackElo "1289"]
[PlyCount "43"]
[EventDate "2000.07.17"]
[EventType "swiss"]
[EventRounds "11"]
[EventCountry "DEN"]
[SourceDate "2004.01.01"]

1. d4 d6 2. c4 Nf6 3. g3 Nbd7 4. Bg2 g6 5. Nf3 Bg7 6. Nc3 c5 7. d5 a6 8. O-O
O-O 9. e4 Ng4 10. Qc2 Nge5 11. b3 Nxf3+ 12. Bxf3 Ne5 13. Bg2 f5 14. f4 Ng4 15.
h3 Nh6 16. Bb2 Bd7 17. Rae1 fxe4 18. Nxe4 Bxb2 19. Qxb2 Qc8 20. Ng5 Nf5 21. g4
Nh4 22. Rxe7 1-0

[Event "22. Copenhagen Open  (Politiken Cup)"]
[Site "Copenhagen"]
[Date "2000.07.23"]
[Round "7"]
[White "Hansen, Henrik Michael"]
[Black "Haugsdal, Arn Tore"]
[Result "1/2-1/2"]
[WhiteElo "2119"]
[BlackElo "2007"]
[PlyCount "115"]
[EventDate "2000.07.17"]
[EventType "swiss"]
[EventRounds "11"]
[EventCountry "DEN"]
[SourceDate "2004.01.01"]

1. Nf3 d5 2. d4 c5 3. e3 Nf6 4. c4 cxd4 5. exd4 g6 6. Nc3 Bg7 7. Qb3 dxc4 8.
Bxc4 O-O 9. Ne5 Qxd4 10. Nxf7 e6 11. Be3 Qh4 12. Ng5 Nc6 13. O-O Ng4 14. Bxe6+
Bxe6 15. Qxe6+ Kh8 16. h3 Nxe3 17. Qxe3 Bd4 18. Nf3 Bxe3 19. Nxh4 Bc5 20. Nf3
Rf5 21. Rad1 Raf8 22. Rd7 R8f7 23. Rxf7 Rxf7 24. Rd1 a6 25. Ne4 Bb6 26. Kf1 h6
27. Rd6 Kg7 28. Ne5 Nxe5 29. Rxb6 Nc4 30. Rb4 b5 31. a4 Ne3+ 32. Kg1 Nc2 33.
Rb3 bxa4 34. Rb6 Ra7 35. Nc5 a3 36. bxa3 Nxa3 37. Rxa6 Rxa6 38. Nxa6 Nc4 39.
Nc5 Kf6 40. Kf1 Ke5 41. Ke2 g5 42. Nb3 Nd6 43. Nd2 Nf5 44. Nc4+ Ke4 45. f3+ Kd4
46. Nd2 Nd6 47. Kf2 Kd3 48. Nb3 Kc4 49. Na5+ Kb5 50. Nb7 Nxb7 51. Kg3 Kc5 52.
Kg4 Kd5 53. Kh5 Ke5 54. Kxh6 Kf4 55. g3+ Kf5 56. f4 gxf4 57. gxf4 Kf6 58. Kh5
1/2-1/2

[Event "22. Copenhagen Open  (Politiken Cup)"]
[Site "Copenhagen"]
[Date "2000.07.23"]
[Round "7"]
[White "Hansen, Herluf"]
[Black "Carstensen, Jacob"]
[Result "0-1"]
[WhiteElo "2047"]
[BlackElo "2254"]
[PlyCount "76"]
[EventDate "2000.07.17"]
[EventType "swiss"]
[EventRounds "11"]
[EventCountry "DEN"]
[SourceDate "2004.01.01"]

1. d4 Nf6 2. c4 e6 3. Nf3 b6 4. a3 Bb7 5. Nc3 d5 6. cxd5 Nxd5 7. Qc2 c5 8. e4
Nxc3 9. bxc3 Nc6 10. Be3 Be7 11. Qa2 O-O 12. Rd1 Qc7 13. Bd3 Na5 14. O-O c4 15.
Bc2 f6 16. d5 e5 17. Nh4 g6 18. Ba4 f5 19. d6 Bxd6 20. exf5 gxf5 21. Bh6 Rf6
22. Bg5 Rf7 23. Qd2 Be7 24. Bd7 Nb3 25. Qe3 f4 26. Qh3 Bxg5 27. Nf5 Nc5 28. Qg4
Kh8 29. Qh5 Rxd7 30. Qxg5 Ne4 31. Rxd7 Qxd7 32. Qh5 Nf6 33. Qg5 Ne4 34. Qh5 Rg8
35. Rd1 Qe8 36. Qh4 Qg6 37. Ng3 fxg3 38. hxg3 Qf6 0-1

[Event "22. Copenhagen Open  (Politiken Cup)"]
[Site "Copenhagen"]
[Date "2000.07.23"]
[Round "7"]
[White "Hansen, Ib Lyns"]
[Black "Petersen, Kim Linde"]
[Result "1-0"]
[WhiteElo "1769"]
[BlackElo "1454"]
[PlyCount "59"]
[EventDate "2000.07.17"]
[EventType "swiss"]
[EventRounds "11"]
[EventCountry "DEN"]
[SourceDate "2004.01.01"]

1. d4 Nf6 2. g3 g6 3. Bg2 Bg7 4. e4 d6 5. c3 O-O 6. Ne2 e5 7. O-O Nc6 8. Bg5 h6
9. Be3 Ng4 10. Bc1 exd4 11. Nxd4 Nxd4 12. cxd4 c5 13. dxc5 dxc5 14. Qxd8 Rxd8
15. Nc3 Be6 16. h3 Ne5 17. Be3 Nd3 18. Rab1 b6 19. e5 Rab8 20. f4 b5 21. b3 a6
22. Ne4 c4 23. Nd6 c3 24. Rbd1 Rxd6 25. exd6 Bc4 26. bxc4 bxc4 27. Rb1 Rd8 28.
Rb6 c2 29. Rxa6 Bb2 30. Ra8 1-0

[Event "22. Copenhagen Open  (Politiken Cup)"]
[Site "Copenhagen"]
[Date "2000.07.23"]
[Round "7"]
[White "Hansen, Morten Lyck"]
[Black "Al Saad, Mofid"]
[Result "1/2-1/2"]
[WhiteElo "1812"]
[BlackElo "1496"]
[PlyCount "87"]
[EventDate "2000.07.17"]
[EventType "swiss"]
[EventRounds "11"]
[EventCountry "DEN"]
[SourceDate "2004.01.01"]

1. e4 c5 2. Nf3 Nc6 3. d4 cxd4 4. Nxd4 Nf6 5. Nc3 d6 6. Be2 a6 7. O-O e6 8. Be3
Be7 9. Kh1 Bd7 10. f4 Qa5 11. Nb3 Qc7 12. Bf3 Rd8 13. Qe1 Nb4 14. Rc1 a5 15. a3
Na6 16. Qf2 Nc5 17. Nxc5 dxc5 18. e5 Ng8 19. Qg3 Bf8 20. Rcd1 Ne7 21. Qf2 Nf5
22. Ne4 Nxe3 23. Qxe3 Be7 24. Be2 O-O 25. Qg3 f5 26. Nc3 Bc6 27. Bc4 Qc8 28.
Nb5 Bxb5 29. Bxb5 Rd4 30. c3 Rxd1 31. Rxd1 Rd8 32. Qf3 Rxd1+ 33. Qxd1 Qd8 34.
Qxd8+ Bxd8 35. Kg1 g5 36. g3 h6 37. Kf1 Kf7 38. Ke2 h5 39. Kd3 h4 40. Kc4 b6
41. Bc6 hxg3 42. hxg3 gxf4 43. gxf4 Bc7 44. Bf3 1/2-1/2

[Event "22. Copenhagen Open  (Politiken Cup)"]
[Site "Copenhagen"]
[Date "2000.07.23"]
[Round "7"]
[White "Heinola, Vesa"]
[Black "Keeling, Karen"]
[Result "1-0"]
[WhiteElo "2227"]
[BlackElo "1680"]
[PlyCount "49"]
[EventDate "2000.07.17"]
[EventType "swiss"]
[EventRounds "11"]
[EventCountry "DEN"]
[SourceDate "2004.01.01"]

1. d4 Nf6 2. c4 e6 3. Nc3 Bb4 4. f3 d5 5. a3 Bxc3+ 6. bxc3 c5 7. cxd5 Nxd5 8.
dxc5 Qa5 9. e4 Ne7 10. Be3 O-O 11. Qb3 Qc7 12. Nh3 e5 13. Nf2 Nec6 14. Rb1 Na5
15. Qa4 Bd7 16. Bb5 Be6 17. O-O a6 18. Be2 Nd7 19. Qb4 Rac8 20. c6 Nxc6 21.
Qxb7 Na5 22. Qxc7 Rxc7 23. Bxa6 Rxc3 24. Bd2 Rxa3 25. Bb4 1-0

[Event "22. Copenhagen Open  (Politiken Cup)"]
[Site "Copenhagen"]
[Date "2000.07.23"]
[Round "7"]
[White "Helin, Mikael"]
[Black "Nielsen, Rune"]
[Result "1-0"]
[WhiteElo "2066"]
[BlackElo "1611"]
[PlyCount "63"]
[EventDate "2000.07.17"]
[EventType "swiss"]
[EventRounds "11"]
[EventCountry "DEN"]
[SourceDate "2004.01.01"]

1. e4 e5 2. c4 Nc6 3. Nc3 Nf6 4. h3 Bc5 5. g4 d6 6. Bg2 Be6 7. d3 h6 8. a3 a6
9. Nge2 Nd7 10. Nd5 Nd4 11. Ne3 g6 12. Ng3 c6 13. b4 Bb6 14. Rb1 a5 15. O-O
axb4 16. axb4 Qh4 17. Bd2 h5 18. gxh5 Bxh3 19. Be1 Bxg2 20. Kxg2 gxh5 21. Rh1
Qf6 22. c5 Bd8 23. Rxh5 Rxh5 24. Qxh5 dxc5 25. bxc5 Nxc5 26. Ng4 Qf3+ 27. Kh2
Nxd3 28. Rxb7 Ne6 29. Nf5 Qf4+ 30. Kg1 Nc7 {[#]} 31. Rxc7 Bxc7 32. Nf6+ 1-0

[Event "22. Copenhagen Open  (Politiken Cup)"]
[Site "Copenhagen"]
[Date "2000.07.23"]
[Round "7"]
[White "Hillarp Persson, Tiger"]
[Black "Simonsen, Olavur"]
[Result "1-0"]
[WhiteElo "2549"]
[BlackElo "2183"]
[PlyCount "81"]
[EventDate "2000.07.17"]
[EventType "swiss"]
[EventRounds "11"]
[EventCountry "DEN"]
[SourceDate "2004.01.01"]

1. g3 e5 2. Bg2 Nc6 3. d3 Be7 4. c4 Nf6 5. Nc3 O-O 6. a3 Nd4 7. e3 Ne6 8. Nge2
d6 9. h3 Ng5 10. e4 Ne6 11. O-O c6 12. Be3 Nc7 13. d4 Be6 14. d5 Bd7 15. b4
Nfe8 16. Qd2 c5 17. Nc1 cxb4 18. axb4 Na6 19. Nd3 Qc8 20. b5 Nc5 21. Bxc5 dxc5
22. Nxe5 Bxh3 23. Nf3 Bxg2 24. Kxg2 f6 25. Qd3 Nd6 26. Rh1 g6 27. Ne2 g5 28. e5
Qf5 29. Qxf5 Nxf5 30. g4 Ng7 31. Rh6 fxe5 32. Rah1 Rae8 33. Rxh7 Bd8 34. Nd2 e4
35. Ng3 Rxf2+ 36. Kxf2 e3+ 37. Kf3 exd2 38. Rh8+ Kf7 39. Rxe8 Nxe8 40. Ne4 Ba5
41. Ke2 1-0

[Event "22. Copenhagen Open  (Politiken Cup)"]
[Site "Copenhagen"]
[Date "2000.07.23"]
[Round "7"]
[White "Hoff, Terje"]
[Black "Matthiesen, Martin"]
[Result "1/2-1/2"]
[WhiteElo "2051"]
[BlackElo "2300"]
[PlyCount "81"]
[EventDate "2000.07.17"]
[EventType "swiss"]
[EventRounds "11"]
[EventCountry "DEN"]
[SourceDate "2004.01.01"]

1. d4 Nf6 2. c4 g6 3. Nc3 Bg7 4. e4 d6 5. Be2 O-O 6. Bg5 Na6 7. f4 Qe8 8. Qd2
e5 9. fxe5 dxe5 10. d5 c6 11. Nf3 Bd7 12. O-O cxd5 13. cxd5 Rc8 14. Nh4 Rxc3
15. bxc3 Nxe4 16. Qe3 Nxg5 17. Qxg5 Nc5 18. Qe3 b6 19. Nf3 f5 20. Bc4 f4 21.
Qe2 e4 22. Nd4 Na4 23. Qc2 Qe5 24. Rad1 Nc5 25. Rde1 Kh8 26. Ne6 Ba4 27. Qd2
Nxe6 28. dxe6 Qc5+ 29. Kh1 Qxc4 30. Rxf4 Rxf4 31. Qxf4 h6 32. Rxe4 Qxc3 33. h3
Bc6 34. e7 Be8 35. Qf8+ Kh7 36. Qxe8 Qa1+ 37. Kh2 Be5+ 38. Rxe5 Qxe5+ 39. g3
Qe2+ 40. Kg1 Qe1+ 41. Kg2 1/2-1/2

[Event "22. Copenhagen Open  (Politiken Cup)"]
[Site "Copenhagen"]
[Date "2000.07.23"]
[Round "7"]
[White "Hoi, Carsten"]
[Black "Henrichsen, Jens"]
[Result "1-0"]
[WhiteElo "2408"]
[BlackElo "2046"]
[PlyCount "49"]
[EventDate "2000.07.17"]
[EventType "swiss"]
[EventRounds "11"]
[EventCountry "DEN"]
[SourceDate "2004.01.01"]

1. d4 Nf6 2. Nf3 g6 3. c4 Bg7 4. Nc3 O-O 5. e4 d6 6. Be3 Na6 7. Be2 e5 8. d5
Qe8 9. Nd2 c6 10. O-O Nd7 11. Rb1 f5 12. dxc6 bxc6 13. f3 f4 14. Bf2 Nf6 15.
Nb3 Qe7 16. c5 Rd8 {[#]} 17. cxd6 Rxd6 18. Bc4+ Kh8 19. Qe2 Nc7 20. Bc5 Ne6 21.
Bxd6 Qxd6 22. Rfd1 Nd4 23. Nxd4 exd4 24. e5 Qc5 25. Na4 1-0

[Event "22. Copenhagen Open  (Politiken Cup)"]
[Site "Copenhagen"]
[Date "2000.07.23"]
[Round "7"]
[White "Hovmoller, Kristian"]
[Black "Bohlke, Christian"]
[Result "0-1"]
[WhiteElo "2170"]
[BlackElo "2052"]
[PlyCount "92"]
[EventDate "2000.07.17"]
[EventType "swiss"]
[EventRounds "11"]
[EventCountry "DEN"]
[SourceDate "2004.01.01"]

1. d4 Nf6 2. c4 c5 3. d5 b5 4. cxb5 a6 5. b6 e6 6. Nc3 Nxd5 7. Nxd5 exd5 8.
Qxd5 Nc6 9. Nf3 Rb8 10. Ne5 Qf6 11. Nxc6 dxc6 12. Qe4+ Be7 13. g3 Rxb6 14. Bg2
Be6 15. Qc2 O-O 16. O-O Rfb8 17. e4 c4 18. f4 Qd4+ 19. Kh1 {[#]} Rxb2 20. Bxb2
Rxb2 21. Rad1 Rxc2 22. Rxd4 c3 23. f5 c5 24. Rdd1 Bxa2 25. Rd7 Bg5 26. Rc7 Rd2
27. h4 Bd8 28. Rxc5 c2 29. Bf3 a5 30. e5 Kf8 31. Be4 Bb3 32. e6 a4 33. Rc3 Ba5
34. Rc8+ Ke7 35. exf7 Kxf7 36. Kg1 a3 37. Ra8 Bb6+ 38. Kh1 Rd1 39. Bxc2 Rxf1+
40. Kg2 Bd5+ 41. Kxf1 Bxa8 42. Bb3+ Kf6 43. Be6 Bf3 44. Ke1 Be3 45. Kf1 Ke5 46.
Ke1 Bd5 0-1

[Event "22. Copenhagen Open  (Politiken Cup)"]
[Site "Copenhagen"]
[Date "2000.07.23"]
[Round "7"]
[White "Hvenekilde, Jorgen"]
[Black "Kokholm, Daniel"]
[Result "1-0"]
[WhiteElo "2260"]
[BlackElo "1732"]
[PlyCount "33"]
[EventDate "2000.07.17"]
[EventType "swiss"]
[EventRounds "11"]
[EventCountry "DEN"]
[SourceDate "2004.01.01"]

1. d4 g6 2. e4 Bg7 3. Nc3 d6 4. Be3 a6 5. Qd2 b5 6. a4 b4 7. Nd1 a5 8. f3 Ba6
9. Nh3 Bxf1 10. Rxf1 Nf6 11. Bh6 O-O 12. Bxg7 Kxg7 13. Ne3 e5 14. O-O-O Nc6 15.
dxe5 dxe5 {[#]} 16. Nf5+ Kh8 17. Qh6 1-0

[Event "22. Copenhagen Open  (Politiken Cup)"]
[Site "Copenhagen"]
[Date "2000.07.23"]
[Round "7"]
[White "Jessen, Simon Pind"]
[Black "Antonsen, Mikkel"]
[Result "0-1"]
[WhiteElo "2126"]
[BlackElo "2377"]
[PlyCount "46"]
[EventDate "2000.07.17"]
[EventType "swiss"]
[EventRounds "11"]
[EventCountry "DEN"]
[SourceDate "2004.01.01"]

1. d4 e6 2. Nf3 c5 3. c3 d5 4. g3 Nc6 5. Bg2 Nf6 6. O-O Be7 7. h3 O-O 8. Be3 b6
9. Nbd2 Bb7 10. Nb3 cxd4 11. Nbxd4 Na5 12. Nd2 Rc8 13. N4b3 Nc6 14. a4 h6 15.
Nf3 e5 16. Qb1 Qc7 17. Rd1 Rfe8 18. Nh4 Rcd8 19. Qc2 Bf8 20. a5 bxa5 21. Nf3
Ba6 22. Ne1 Bb5 23. Bc5 a4 0-1

[Event "22. Copenhagen Open  (Politiken Cup)"]
[Site "Copenhagen"]
[Date "2000.07.23"]
[Round "7"]
[White "Jorgensen, Arne Bjorn"]
[Black "Petersen, Lars"]
[Result "0-1"]
[WhiteElo "2006"]
[BlackElo "2097"]
[PlyCount "70"]
[EventDate "2000.07.17"]
[EventType "swiss"]
[EventRounds "11"]
[EventCountry "DEN"]
[SourceDate "2004.01.01"]

1. d4 Nf6 2. c4 e6 3. Nf3 d5 4. Bg5 c6 5. Nc3 dxc4 6. e4 b5 7. e5 h6 8. Bh4 g5
9. Nxg5 hxg5 10. Bxg5 Be7 11. exf6 Bxf6 12. Bxf6 Qxf6 13. g3 Na6 14. Bg2 Bb7
15. Nxb5 O-O-O 16. Nxa7+ Kb8 17. Nxc6+ Bxc6 18. Bxc6 Nb4 19. O-O Nxc6 20. Qa4
Qf3 21. Qa6 Kc7 22. Qa3 Qxa3 23. bxa3 Rxd4 24. Rfc1 Kd6 25. Rab1 Rb8 26. Rxb8
Nxb8 27. h4 Kc5 28. h5 Nd7 29. Kg2 Nf6 30. h6 Rd8 31. Rh1 c3 32. Kf3 Kc4 33. a4
c2 34. Ke2 Kc3 35. a5 Kb2 0-1

[Event "22. Copenhagen Open  (Politiken Cup)"]
[Site "Copenhagen"]
[Date "2000.07.23"]
[Round "7"]
[White "Jorgensen, Orla Eilegaard"]
[Black "Madhy, Nezar"]
[Result "0-1"]
[WhiteElo "1297"]
[BlackElo "1682"]
[PlyCount "58"]
[EventDate "2000.07.17"]
[EventType "swiss"]
[EventRounds "11"]
[EventCountry "DEN"]
[SourceDate "2004.01.01"]

1. e4 c5 2. c3 b6 3. d4 Bb7 4. d5 Nf6 5. Bd3 e6 6. c4 Bd6 7. Nf3 exd5 8. cxd5
Be7 9. O-O O-O 10. Qc2 h6 11. Nc3 Na6 12. a3 Nc7 13. h3 a6 14. g4 b5 15. g5
hxg5 16. Bxg5 c4 17. Be2 Nfxd5 18. Nxd5 Nxd5 19. exd5 Bxg5 20. Qf5 Bf6 21. Rab1
g6 22. Qf4 Bxd5 23. Rbd1 Bc6 24. Rd6 Be7 25. Qh6 Bf6 26. Ng5 Bxg5 27. Rxg6+
fxg6 28. Qxg6+ Kh8 29. Qh5+ Kg7 0-1

[Event "22. Copenhagen Open  (Politiken Cup)"]
[Site "Copenhagen"]
[Date "2000.07.23"]
[Round "7"]
[White "Kragh, Niels Kristian"]
[Black "Bogdanov, Dimitri"]
[Result "1-0"]
[WhiteElo "1966"]
[BlackElo "2093"]
[PlyCount "55"]
[EventDate "2000.07.17"]
[EventType "swiss"]
[EventRounds "11"]
[EventCountry "DEN"]
[SourceDate "2004.01.01"]

1. e4 g6 2. d4 Bg7 3. Nc3 d6 4. g3 Nf6 5. Bg2 O-O 6. Nge2 Nbd7 7. O-O e5 8. h3
c6 9. a4 Re8 10. Be3 exd4 11. Bxd4 Qe7 12. g4 Nc5 13. Ng3 Ne6 14. Be3 Nd7 15.
f4 Nb6 16. Nge2 Nc4 17. Bc1 Qd8 18. f5 Qb6+ 19. Kh1 Nc7 20. a5 Qc5 21. Qd3 d5
22. Qg3 Qd6 23. Qxd6 Nxd6 24. fxg6 hxg6 25. Bf4 Ndb5 26. exd5 cxd5 27. Rae1 Ne6
28. Nxb5 1-0

[Event "22. Copenhagen Open  (Politiken Cup)"]
[Site "Copenhagen"]
[Date "2000.07.23"]
[Round "7"]
[White "Lardot, Derik"]
[Black "Damgaard, Sven"]
[Result "1-0"]
[WhiteElo "2019"]
[BlackElo "1887"]
[PlyCount "67"]
[EventDate "2000.07.17"]
[EventType "swiss"]
[EventRounds "11"]
[EventCountry "DEN"]
[SourceDate "2004.01.01"]

1. e4 e5 2. d4 exd4 3. Qxd4 Nc6 4. Qa4 Nf6 5. Bg5 Be7 6. Nc3 a6 7. Nf3 d6 8.
Be2 O-O 9. O-O Be6 10. Nd4 Nxd4 11. Qxd4 Nxe4 12. Qxe4 Bxg5 13. Qxb7 Rb8 14.
Qxa6 Rxb2 15. Qa3 Rb8 16. Ne4 Be7 17. Qe3 f5 18. Nc5 Bf7 19. Na6 Rb6 20. a4 Bf6
21. Rab1 c5 22. Bb5 Qc8 23. Qe2 Bc3 24. Bc4 Rxb1 25. Bxf7+ Kxf7 26. Rxb1 Qe6
27. Rb7+ Kf6 28. Qxe6+ Kxe6 29. Nc7+ Ke5 30. Nb5 Bd2 31. Rxg7 Ra8 32. Kf1 Rxa4
33. Ke2 Bc1 34. Re7+ 1-0

[Event "22. Copenhagen Open  (Politiken Cup)"]
[Site "Copenhagen"]
[Date "2000.07.23"]
[Round "7"]
[White "Laursen, Niels Norskov"]
[Black "Nielsen, Nicholas Roland"]
[Result "1/2-1/2"]
[WhiteElo "2079"]
[BlackElo "1864"]
[Annotator "Carsten Petersen"]
[PlyCount "83"]
[EventDate "2000.07.17"]
[EventType "swiss"]
[EventRounds "11"]
[EventCountry "DEN"]
[SourceDate "2004.01.01"]

1. d4 Nf6 2. Bg5 g6 3. Bxf6 exf6 4. e3 b6 5. Be2 Bb7 6. Bf3 Bxf3 7. Qxf3 Nc6 8.
c3 Bg7 9. Ne2 O-O 10. h4 d5 11. h5 Ne7 12. Nd2 c5 13. hxg6 fxg6 14. Qh3 Kf7 15.
Qf3 h5 16. Nf4 cxd4 17. exd4 Qd7 18. O-O Bh6 19. Rfd1 Bxf4 20. Qxf4 g5 21. Qf3
g4 22. Qd3 $11 Rh8 23. c4 h4 24. Nf1 Rag8 25. Re1 Rg5 26. Rac1 Nf5 27. cxd5 g3
28. f4 Rgh5 29. Qe4 Kg6 30. Rc6 h3 31. Nxg3 hxg2 32. Nxh5 Rxh5 33. Qxg2+ Kf7
34. Qe4 Nxd4 35. Rxf6+ (35. Qe6+ $18) 35... Kxf6 36. Qxd4+ Kf7 37. Qe4 Rxd5 38.
Qh7+ Kf6 39. Qh6+ Kf7 40. Qh7+ Kf6 41. Qh6+ Kf7 42. Qh7+ 1/2-1/2

[Event "22. Copenhagen Open  (Politiken Cup)"]
[Site "Copenhagen"]
[Date "2000.07.23"]
[Round "7"]
[White "Lund, Silas"]
[Black "Skytte, Rasmus"]
[Result "1/2-1/2"]
[WhiteElo "2261"]
[BlackElo "2323"]
[Annotator "Carsten Petersen"]
[PlyCount "51"]
[EventDate "2000.07.17"]
[EventType "swiss"]
[EventRounds "11"]
[EventCountry "DEN"]
[SourceDate "2004.01.01"]

1. c4 b6 2. d4 Bb7 3. d5 f5 4. Nc3 e6 5. a3 Be7 6. g3 Bf6 7. Bd2 c6 8. Bg2 cxd5
9. cxd5 Ne7 10. e4 O-O 11. Nge2 fxe4 12. Bxe4 Nxd5 13. Nxd5 exd5 14. Qb3 Kh8
15. Bxd5 Bxd5 16. Qxd5 Nc6 17. Bc3 Qe7 18. Bxf6 Rxf6 19. Rd1 Re8 20. Rd2 Re6
21. Qd3 Ne5 22. Qd5 Ng4 23. Qf3 Ne5 24. Qd5 {[#]} Ng4 (24... b5 $1 25. b3 Nc4
26. bxc4 Rxe2+ 27. Kf1 Rxd2 28. Qxd2 bxc4 $19 {Der Fritz}) 25. Qf3 Ne5 26. Qd5
1/2-1/2

[Event "22. Copenhagen Open  (Politiken Cup)"]
[Site "Copenhagen"]
[Date "2000.07.23"]
[Round "7"]
[White "Manley, Christian"]
[Black "Gislason, Ingolfur"]
[Result "0-1"]
[WhiteElo "1204"]
[BlackElo "1780"]
[PlyCount "54"]
[EventDate "2000.07.17"]
[EventType "swiss"]
[EventRounds "11"]
[EventCountry "DEN"]
[SourceDate "2004.01.01"]

1. d4 Nf6 2. c4 g6 3. g3 Bg7 4. Bg2 O-O 5. Nc3 d6 6. Bf4 Nbd7 7. Qc1 e5 8. dxe5
Nxe5 9. Bxe5 dxe5 10. Nf3 Re8 11. O-O c6 12. Qd1 Qb6 13. Na4 Qa5 14. b3 e4 15.
Qd2 Qh5 16. Qg5 exf3 17. Qxh5 Nxh5 18. Bxf3 Bxa1 19. Bxh5 gxh5 20. Rxa1 Rxe2
21. Nc5 Bh3 22. Nxb7 Rae8 23. f4 Rg2+ 24. Kh1 Ree2 25. Rd1 Rxh2+ 26. Kg1 Reg2+
27. Kf1 Rh1# 0-1

[Event "22. Copenhagen Open  (Politiken Cup)"]
[Site "Copenhagen"]
[Date "2000.07.23"]
[Round "7"]
[White "Mashiri, Arthur"]
[Black "Molvig, Henrik"]
[Result "0-1"]
[WhiteElo "2045"]
[BlackElo "2224"]
[PlyCount "106"]
[EventDate "2000.07.17"]
[EventType "swiss"]
[EventRounds "11"]
[EventCountry "DEN"]
[SourceDate "2004.01.01"]

1. e4 c5 2. Nc3 d6 3. g3 Nc6 4. d3 g6 5. Bg2 Bg7 6. Nge2 e6 7. O-O Nge7 8. Be3
Nd4 9. Qd2 O-O 10. Rae1 Bd7 11. Nc1 Rb8 12. Nd1 e5 13. c3 Ne6 14. Ne2 Qa5 15.
a3 b5 16. Bh6 Qb6 17. Bxg7 Kxg7 18. Ne3 Kh8 19. f4 Ng7 20. Kh1 f5 21. d4 exd4
22. cxd4 Rbd8 23. Nd5 Nxd5 24. exd5 c4 25. Ng1 Rde8 26. Nf3 h6 27. Rxe8 Rxe8
28. Re1 Qd8 29. Qb4 Rxe1+ 30. Nxe1 Ne8 31. Nf3 Kg7 32. Qc3 Nc7 33. Qa5 Qb8 34.
Nd2 Be8 35. h4 Bf7 36. b3 cxb3 37. Nxb3 Nxd5 38. Nd2 $11 Qb6 39. Nb3 Qxa5 40.
Nxa5 Ne3 41. Bc6 Nc4 42. Nb7 Nxa3 43. Nxd6 b4 44. Nxf7 Kxf7 45. Kg1 Ke7 46. Ba4
Kd6 47. Bb3 Nb5 48. Bf7 Nxd4 49. Bxg6 b3 50. Bf7 Ne6 51. Bg6 Nd4 52. Bf7 a5 53.
Kf1 a4 0-1

[Event "22. Copenhagen Open  (Politiken Cup)"]
[Site "Copenhagen"]
[Date "2000.07.23"]
[Round "7"]
[White "McShane, Rod"]
[Black "Schonberg, Niels Peder"]
[Result "1-0"]
[WhiteElo "1400"]
[BlackElo "1198"]
[PlyCount "85"]
[EventDate "2000.07.17"]
[EventType "swiss"]
[EventRounds "11"]
[EventCountry "DEN"]
[SourceDate "2004.01.01"]

1. e4 e5 2. Nf3 Qf6 3. d3 h6 4. Be2 Bc5 5. O-O d6 6. h3 Nc6 7. Nc3 Nge7 8. Na4
b6 9. Nxc5 bxc5 10. c3 Ba6 11. Nh2 Ng6 12. Ng4 Qe7 13. Qa4 Bb7 14. b4 cxb4 15.
cxb4 O-O 16. Ne3 Nd4 17. Bg4 a6 18. Qd1 Rab8 19. Nf5 Nxf5 20. exf5 Nf4 21. g3
Nd5 22. a3 Nf6 23. Bf3 Bc8 24. g4 Rd8 25. Be3 d5 26. Re1 e4 27. Bh1 Bb7 28. Bc5
Qd7 29. d4 Re8 30. Qd2 Qc6 31. Rac1 Qd7 32. Rc3 Nh7 33. Qf4 Ng5 34. Kh2 f6 35.
h4 Nf7 36. Rg3 Bc8 37. f3 exf3 38. Rxe8+ Qxe8 39. Rxf3 Qd8 40. Re3 Rb7 41. Qf3
c6 42. Qe2 Rd7 43. Re8+ 1-0